[Event "Quebec-ch qual. 2"]
[Site "Montreal CAN"]
[Date "2005.05.15"]
[Round "4"]
[White "Malveau, Cedric"]
[Black "Gilbert, Erick"]
[Result "1-0"]
[WhiteElo "1980"]
[BlackElo "1927"]
[PlyCount "79"]
[GameId "2160767910968448"]
[EventDate "2005.05.13"]
[EventType "swiss"]
[EventRounds "5"]
[EventCountry "CAN"]
[SourceTitle "CBM 106 Extra"]
[Source "ChessBase"]
[SourceDate "2005.07.01"]
[SourceVersion "1"]
[SourceVersionDate "2005.07.01"]
[SourceQuality "1"]

1. e4 c5 2. Nc3 Nc6 3. g3 d6 4. Bg2 Nf6 5. h3 e5 6. d3 Be6 7. Be3 Nd4 8. Qd2 Qa5 9. f4 b5 10. f5 Bd7 11. Nf3 b4 12. Ne2 Nxe2 13. Kxe2 Bb5 14. Kf2 c4 15. Rhb1 Qa6 16. Ne1 cxd3 17. cxd3 Be7 18. a3 b3 19. Rc1 O-O 20. a4 Bd7 21. Rc3 Rab8 22. Qd1 Bxa4 23. Rc4 Qb5 24. Rcxa4 d5 25. Ra5 Qb4 26. R1a4 Qb7 27. Rxa7 Qb5 28. R7a5 Qd7 29. Qe2 Rfc8 30. g4 Bb4 31. Ra7 Rb7 32. Rxb4 Rxa7 33. Bxa7 Qxa7+ 34. Kg3 Qc7 35. Qd2 Rb8 36. Qc3 Qd6 37. Rxb3 Rd8 38. Rb7 g5 39. Qc7 dxe4 40. Qxf7+ 1-0

[Event "Quebec-ch qual. 2"]
[Site "Montreal CAN"]
[Date "2005.05.15"]
[Round "4"]
[White "Millette, Sylvain"]
[Black "Julien, Gabi"]
[Result "0-1"]
[WhiteElo "1544"]
[BlackElo "1824"]
[PlyCount "76"]
[GameId "2160767910968449"]
[EventDate "2005.05.13"]
[EventType "swiss"]
[EventRounds "5"]
[EventCountry "CAN"]
[SourceTitle "CBM 106 Extra"]
[Source "ChessBase"]
[SourceDate "2005.07.01"]
[SourceVersion "1"]
[SourceVersionDate "2005.07.01"]
[SourceQuality "1"]

1. Nf3 Nf6 2. g3 d5 3. Bg2 c6 4. d4 Bg4 5. Nbd2 e6 6. O-O Bd6 7. Re1 O-O 8. e4 dxe4 9. Nxe4 Nxe4 10. Rxe4 Bf5 11. Re1 h6 12. c3 Nd7 13. Qb3 Qc7 14. Be3 Rfe8 15. Nd2 e5 16. Nc4 Be6 17. d5 Bxd5 18. Bxd5 cxd5 19. Nxd6 Qxd6 20. Rad1 Nf6 21. Rd2 b6 22. Red1 Rac8 23. f4 exf4 24. Bxf4 Qc5+ 25. Rd4 Re2 26. Rf1 Rce8 27. Rf2 Qc8 28. Rd2 Re1+ 29. Kg2 Ne4 30. Qxd5 Nxd2 31. Qxd2 Qc6+ 32. Kh3 Qe6+ 33. Kg2 Qe4+ 34. Kh3 h5 35. Qd4 Qe6+ 36. Kg2 Qc6+ 37. Kh3 Rg1 38. Qd6 Qc8+ 0-1

[Event "Quebec-ch qual. 2"]
[Site "Montreal CAN"]
[Date "2005.05.15"]
[Round "4"]
[White "Ramaswamy, Kishor"]
[Black "Anastasovski, Nikola"]
[Result "1-0"]
[WhiteElo "2015"]
[BlackElo "2189"]
[PlyCount "89"]
[GameId "2160767910968450"]
[EventDate "2005.05.13"]
[EventType "swiss"]
[EventRounds "5"]
[EventCountry "CAN"]
[SourceTitle "CBM 106 Extra"]
[Source "ChessBase"]
[SourceDate "2005.07.01"]
[SourceVersion "1"]
[SourceVersionDate "2005.07.01"]
[SourceQuality "1"]

1. d4 f5 2. Bg5 g6 3. Nd2 Bg7 4. Ngf3 b6 5. e4 fxe4 6. Nxe4 Bb7 7. Bd3 Nf6 8. Qe2 e6 9. c4 Qe7 10. d5 O-O 11. dxe6 dxe6 12. O-O Nbd7 13. Rfe1 Rae8 14. Rad1 Nc5 15. Nxc5 Qxc5 16. Be3 Qc6 17. b4 Qa4 18. b5 e5 19. Bc2 Qa3 20. c5 Bxf3 21. gxf3 Qxa2 22. Ra1 Qe6 23. Rxa7 Nd7 24. c6 Nc5 25. Bxc5 bxc5 26. Rxc7 Rb8 27. Rd1 Rf4 28. Qd3 Qf6 29. Bb3+ c4 30. Bxc4+ Kh8 31. Rf7 Qg5+ 32. Kf1 e4 33. c7 Rf8 34. Rxf8+ Rxf8 35. Qd8 Qf5 36. Qxf8+ Bxf8 37. Rd8 exf3 38. Rxf8+ Qxf8 39. Be6 Qa3 40. c8=Q+ Kg7 41. Ke1 Qb4+ 42. Kd1 Qd4+ 43. Kc1 Qxf2 44. Qc3+ Kh6 45. Qd2+ 1-0

[Event "Quebec-ch qual. 2"]
[Site "Montreal CAN"]
[Date "2005.05.15"]
[Round "4"]
[White "Soskic, Radmilo"]
[Black "Camy, Garry"]
[Result "1-0"]
[WhiteElo "1624"]
[BlackElo "1716"]
[PlyCount "130"]
[GameId "2160767910968451"]
[EventDate "2005.05.13"]
[EventType "swiss"]
[EventRounds "5"]
[EventCountry "CAN"]
[SourceTitle "CBM 106 Extra"]
[Source "ChessBase"]
[SourceDate "2005.07.01"]
[SourceVersion "1"]
[SourceVersionDate "2005.07.01"]
[SourceQuality "1"]

1. d4 Nf6 2. Nf3 e6 3. Bg5 Be7 4. c4 O-O 5. Nc3 d5 6. e3 Nbd7 7. Bd3 h6 8. Bxf6 Nxf6 9. c5 c6 10. b4 Re8 11. Ne5 Nd7 12. Nxd7 Bxd7 13. a4 Bf6 14. f4 a5 15. b5 b6 16. bxc6 Bxc6 17. cxb6 Qxb6 18. Rb1 Qd8 19. O-O Qd7 20. Rf2 Be7 21. Bb5 Rec8 22. Qd3 Rab8 23. Rc2 Bb4 24. Na2 Bxb5 25. Rxc8+ Qxc8 26. axb5 Qc4 27. Nxb4 axb4 28. Qxc4 dxc4 29. Rxb4 c3 30. Rc4 Rxb5 31. Rxc3 Rb2 32. Kf1 Kf8 33. Rc7 Ke8 34. h3 h5 35. h4 Rd2 36. g3 Kf8 37. Rc3 Ke7 38. Ke1 Rg2 39. e4 f6 40. Rc7+ Kf8 41. Rc3 Kf7 42. f5 exf5 43. exf5 Rg1+ 44. Kf2 Rd1 45. Ke3 Re1+ 46. Kf4 Rd1 47. Ke4 Re1+ 48. Kd5 Re7 49. Kd6 Re4 50. d5 Re5 51. Rf3 Kf8 52. Kc6 Ke8 53. Kd6 Kf7 54. Rf4 Kf8 55. Kc6 Kf7 56. d6 Re3 57. Kd7 Rxg3 58. Re4 Rg4 59. Re7+ Kf8 60. Kd8 Rxh4 61. Re8+ Kf7 62. d7 Rf4 63. Kc7 Rc4+ 64. Kb6 Rb4+ 65. Kc5 Rb1 1-0

[Event "Quebec-ch qual. 2"]
[Site "Montreal CAN"]
[Date "2005.05.15"]
[Round "5"]
[White "Anastasovski, Nikola"]
[Black "Germain, Max jr"]
[Result "1-0"]
[WhiteElo "2189"]
[BlackElo "1579"]
[PlyCount "55"]
[GameId "2160767910968452"]
[EventDate "2005.05.13"]
[EventType "swiss"]
[EventRounds "5"]
[EventCountry "CAN"]
[SourceTitle "CBM 106 Extra"]
[Source "ChessBase"]
[SourceDate "2005.07.01"]
[SourceVersion "1"]
[SourceVersionDate "2005.07.01"]
[SourceQuality "1"]

1. e4 c5 2. c4 g6 3. Nc3 Nc6 4. g3 Bg7 5. Bg2 d6 6. d3 e6 7. Nge2 Nge7 8. Be3 b6 9. Qd2 O-O 10. Bh6 Bb7 11. h4 Nd4 12. O-O-O Nef5 13. Bxg7 Nxe2+ 14. Nxe2 Nxg7 15. g4 f5 16. h5 g5 17. h6 Ne8 18. gxf5 exf5 19. f3 f4 20. Rdg1 Nc7 21. Rh5 Ne6 22. Bh3 Bc8 23. Bxe6+ Bxe6 24. Nxf4 Qf6 25. Rhxg5+ Kh8 26. Nxe6 Qxe6 27. Rf5 Rg8 28. Qc3+ 1-0

[Event "Quebec-ch qual. 2"]
[Site "Montreal CAN"]
[Date "2005.05.15"]
[Round "5"]
[White "Bergeron, Rene"]
[Black "Camy, Garry"]
[Result "0-1"]
[WhiteElo "1134"]
[BlackElo "1716"]
[PlyCount "106"]
[GameId "2160767910968453"]
[EventDate "2005.05.13"]
[EventType "swiss"]
[EventRounds "5"]
[EventCountry "CAN"]
[SourceTitle "CBM 106 Extra"]
[Source "ChessBase"]
[SourceDate "2005.07.01"]
[SourceVersion "1"]
[SourceVersionDate "2005.07.01"]
[SourceQuality "1"]

1. e4 d6 2. d4 g6 3. c3 Bg7 4. Nf3 c5 5. Bb5+ Bd7 6. Bxd7+ Nxd7 7. O-O Ngf6 8. Re1 O-O 9. Bg5 Qb6 10. b3 cxd4 11. cxd4 h6 12. Bh4 g5 13. Bg3 Nh5 14. Nc3 Nxg3 15. hxg3 g4 16. Nd5 Qd8 17. Nh4 e6 18. Nf4 Qg5 19. Rc1 Rac8 20. Qd3 e5 21. Rxc8 Rxc8 22. dxe5 Bxe5 23. Nd5 Nc5 24. Qe2 Re8 25. Nf5 Kh8 26. b4 Ne6 27. Qb5 Rb8 28. Qd7 Qd2 29. Rf1 Rf8 30. Nxd6 Ng5 31. Qe7 Bg7 32. Nf5 Qb2 33. Nxg7 Kxg7 34. e5 Qxa2 35. Qf6+ Kh7 36. Qf5+ Kg7 37. Nf6 Qe6 38. Nh5+ Kh8 39. Qf4 Nh7 40. f3 gxf3 41. gxf3 Ng5 42. Kg2 Qh3+ 43. Kf2 Qxh5 44. Qf6+ Kg8 45. Rd1 Ne4+ 46. fxe4 Qxd1 47. Qxh6 Qc2+ 48. Kf3 Qd3+ 49. Qe3 Qxe3+ 50. Kxe3 Rd8 51. Kf4 Rd4 52. Kf5 Rxb4 53. e6 fxe6+ 0-1

[Event "Quebec-ch qual. 2"]
[Site "Montreal CAN"]
[Date "2005.05.15"]
[Round "5"]
[White "Chesnut, Walter"]
[Black "Millette, Sylvain"]
[Result "1/2-1/2"]
[WhiteElo "1436"]
[BlackElo "1544"]
[PlyCount "80"]
[GameId "2160767910968454"]
[EventDate "2005.05.13"]
[EventType "swiss"]
[EventRounds "5"]
[EventCountry "CAN"]

1. e4 Nf6 2. e5 Nd5 3. c4 Nb6 4. d4 d6 5. f4 dxe5 6. fxe5 c5 7. d5 e6 8. Nc3 exd5 9. cxd5 c4 10. Nf3 Bg4 11. Be2 Bb4 12. d6 O-O 13. O-O N8d7 14. Kh1 Bxf3 15. Bxf3 Rb8 16. Bf4 Nc5 17. Be2 Bxc3 18. bxc3 Re8 19. Qd4 Ne6 20. Qe4 Nxf4 21. Qxf4 Qd7 22. Bxc4 Nxc4 23. Qxc4 Rxe5 24. Qd4 Re6 25. Qxa7 Rd8 26. h3 Rxd6 27. a4 Qc6 28. Qf2 Rf6 29. Qh4 Rd2 30. Qg3 h6 31. a5 Rg6 32. Qf3 Qxf3 33. gxf3 Rgg2 34. Rfb1 Rh2+ 35. Kg1 Rdg2+ 36. Kf1 Rc2 37. Kg1 Rxh3 38. Rxb7 Rxf3 39. a6 Rff2 40. a7 Rg2+ 1/2-1/2

[Event "Quebec-ch qual. 2"]
[Site "Montreal CAN"]
[Date "2005.05.15"]
[Round "5"]
[White "Libersan, Thierry"]
[Black "Soskic, Radmilo"]
[Result "1-0"]
[WhiteElo "2078"]
[BlackElo "1624"]
[PlyCount "57"]
[GameId "2160767910968457"]
[EventDate "2005.05.13"]
[EventType "swiss"]
[EventRounds "5"]
[EventCountry "CAN"]
[SourceTitle "CBM 106 Extra"]
[Source "ChessBase"]
[SourceDate "2005.07.01"]
[SourceVersion "1"]
[SourceVersionDate "2005.07.01"]
[SourceQuality "1"]

1. e4 e5 2. Nf3 Nf6 3. Nxe5 d6 4. Nf3 Nxe4 5. d4 d5 6. Bd3 Be7 7. O-O Bg4 8. c4 Nc6 9. Be3 O-O 10. Nc3 Nxc3 11. bxc3 Bf6 12. Rb1 Rb8 13. Bf4 g5 14. Bg3 Ne7 15. Rb2 h5 16. h3 h4 17. Bxh4 gxh4 18. hxg4 Ng6 19. Bxg6 fxg6 20. Qb1 Kg7 21. Rxb7 Qc8 22. Rxb8 Qxb8 23. g5 Be7 24. cxd5 Qd8 25. Nxh4 Qd6 26. Re1 Bxg5 27. Re6 Qxe6 28. dxe6 Bxh4 29. g3 1-0

[Event "Quebec-ch qual. 2"]
[Site "Montreal CAN"]
[Date "2005.05.15"]
[Round "5"]
[White "Malveau, Cedric"]
[Black "Ramaswamy, Kishor"]
[Result "1/2-1/2"]
[WhiteElo "1980"]
[BlackElo "2015"]
[PlyCount "33"]
[GameId "2160767910968458"]
[EventDate "2005.05.13"]
[EventType "swiss"]
[EventRounds "5"]
[EventCountry "CAN"]
[SourceTitle "CBM 106 Extra"]
[Source "ChessBase"]
[SourceDate "2005.07.01"]
[SourceVersion "1"]
[SourceVersionDate "2005.07.01"]
[SourceQuality "1"]

1. d4 d5 2. c4 e6 3. Nf3 Nf6 4. Bg5 Nbd7 5. e3 c6 6. cxd5 Qa5+ 7. Nbd2 exd5 8. Bd3 Ne4 9. O-O Nxg5 10. Nxg5 Be7 11. f4 Nf6 12. h3 Bd7 13. a3 h6 14. Ngf3 g5 15. Ne5 Rg8 16. Kh1 Qc7 17. b4 1/2-1/2

[Event "Quebec-ch qual. Quebec"]
[Site "Quebec CAN"]
[Date "2005.05.13"]
[Round "1"]
[White "Berube, Antoine"]
[Black "Richard, Christian"]
[Result "1-0"]
[WhiteElo "2194"]
[BlackElo "1786"]
[PlyCount "95"]
[GameId "2160767910968460"]
[EventDate "2005.05.13"]
[EventType "swiss"]
[EventRounds "5"]
[EventCountry "CAN"]

1. d4 Nf6 2. c4 g6 3. Nc3 d5 4. cxd5 Nxd5 5. e4 Nxc3 6. bxc3 Bg7 7. Bc4 c5 8. Ne2 Nc6 9. Be3 O-O 10. O-O cxd4 11. cxd4 Na5 12. Bd3 Be6 13. d5 Bxa1 14. Qxa1 Bd7 15. Bh6 f6 16. Bxf8 Qxf8 17. f4 Rc8 18. f5 Nc4 19. Bxc4 Rxc4 20. fxg6 hxg6 21. Qb1 Qc8 22. Nf4 Kf7 23. h4 Rc2 24. Qe1 Qc3 25. Qxc3 Rxc3 26. d6 exd6 27. Nd5 Rd3 28. Rxf6+ Kg7 29. Rxd6 Bc6 30. Rxg6+ Kxg6 31. Nf4+ Kh6 32. Nxd3 Bxe4 33. Nf4 a5 34. Kf2 a4 35. Ke3 Bf5 36. Kd4 b5 37. Kc5 Bd7 38. a3 Be8 39. g4 Bd7 40. g5+ Kg7 41. Nh5+ Kg6 42. Nf6 Bf5 43. Kxb5 Bc2 44. Kc5 Bd1 45. Kd6 Bf3 46. Ke5 Bd1 47. Kf4 Be2 48. h5+ 1-0

[Event "Quebec-ch qual. Quebec"]
[Site "Quebec CAN"]
[Date "2005.05.13"]
[Round "1"]
[White "Bourassa, Samuel"]
[Black "Bonneau, Daniel"]
[Result "0-1"]
[WhiteElo "1706"]
[BlackElo "1930"]
[PlyCount "46"]
[GameId "2160767910968461"]
[EventDate "2005.05.13"]
[EventType "swiss"]
[EventRounds "5"]
[EventCountry "CAN"]

1. e4 d6 2. d4 Nf6 3. Nc3 g6 4. f3 Bg7 5. Be3 O-O 6. Qd2 Nc6 7. O-O-O e5 8. d5 Nd4 9. Nge2 c5 10. dxc6 Nxc6 11. Qxd6 Qa5 12. Qc5 Bh6 13. Kb1 Bxe3 14. Qxe3 Be6 15. Nc1 Nd4 16. Nb3 Bxb3 17. axb3 Rac8 18. Bd3 Rfd8 19. Qh6 b5 20. h4 Rd6 21. h5 Ra6 22. Kc1 Rxc3 23. g4 Nxb3+ 0-1

[Event "Quebec-ch qual. Quebec"]
[Site "Quebec CAN"]
[Date "2005.05.13"]
[Round "1"]
[White "Filiatrault, Alexandre"]
[Black "Audet-Bouchard, Nicolas"]
[Result "0-1"]
[WhiteElo "1746"]
[BlackElo "2104"]
[PlyCount "60"]
[GameId "2160767910968462"]
[EventDate "2005.05.13"]
[EventType "swiss"]
[EventRounds "5"]
[EventCountry "CAN"]

1. e4 c5 2. Nc3 Nc6 3. f4 g6 4. Nf3 Bg7 5. Bb5 Nd4 6. O-O Nxb5 7. Nxb5 a6 8. Nc3 d6 9. d3 Nf6 10. Qe1 O-O 11. Qh4 b5 12. Ng5 h6 13. Nf3 b4 14. Ne2 e6 15. g4 Nd7 16. g5 Bb7 17. Qh3 h5 18. Ng3 Qe8 19. f5 exf5 20. Bf4 fxe4 21. Rae1 Ne5 22. Nxe4 Nxf3+ 23. Qxf3 Bd4+ 24. Kg2 Qd7 25. h3 Rae8 26. Kh2 Bxe4 27. Rxe4 Rxe4 28. dxe4 Bxb2 29. Rd1 Bd4 30. e5 dxe5 0-1

[Event "Quebec-ch qual. Quebec"]
[Site "Quebec CAN"]
[Date "2005.05.13"]
[Round "1"]
[White "Sauve, Richard"]
[Black "Benoit, Sebastien"]
[Result "0-1"]
[WhiteElo "1932"]
[BlackElo "1742"]
[PlyCount "102"]
[GameId "2160767910968463"]
[EventDate "2005.05.13"]
[EventType "swiss"]
[EventRounds "5"]
[EventCountry "CAN"]

1. d4 c5 2. d5 e6 3. c4 exd5 4. cxd5 d6 5. Nc3 g6 6. e4 Nf6 7. Be2 Bg7 8. Nf3 Bg4 9. Nd2 Bxe2 10. Qxe2 O-O 11. O-O a6 12. a4 Nbd7 13. Nc4 Nb6 14. a5 Nxc4 15. Qxc4 b5 16. axb6 Qxb6 17. Bf4 Nh5 18. Bg5 Qxb2 19. Na4 Qb5 20. Rac1 Rfe8 21. Qc2 Qb4 22. Rfe1 h6 23. Rb1 Qa5 24. Bd2 Qc7 25. Nb6 Rab8 26. Ba5 Qe7 27. f3 Bd4+ 28. Kh1 Qh4 29. g4 Nf4 30. Bc3 Bxc3 31. Qxc3 Qf2 32. Rb2 Qxb2 33. Qxb2 Nd3 34. Qc3 Nxe1 35. Nd7 Rb1 36. Nf6+ Kf8 37. Nxe8 Kxe8 38. Qh8+ Ke7 39. Qc8 Nxf3+ 40. Kg2 Ne5 41. h3 Rb2+ 42. Kf1 Ra2 43. Qb7+ Nd7 44. Qb3 Ra1+ 45. Ke2 a5 46. Qe3 a4 47. Qxh6 Ne5 48. Qh4+ Kd7 49. Qh8 a3 50. Qa8 a2 51. Ke3 Re1+ 0-1

[Event "Quebec-ch qual. Quebec"]
[Site "Quebec CAN"]
[Date "2005.05.14"]
[Round "2"]
[White "Audet-Bouchard, Nicolas"]
[Black "Robitaille, Denis"]
[Result "1-0"]
[WhiteElo "2104"]
[BlackElo "1872"]
[PlyCount "97"]
[GameId "2160767910968464"]
[EventDate "2005.05.13"]
[EventType "swiss"]
[EventRounds "5"]
[EventCountry "CAN"]

1. e4 Nf6 2. e5 Nd5 3. d4 d6 4. Nf3 c6 5. c4 Nb6 6. exd6 exd6 7. Bd3 Be7 8. Qc2 Na6 9. a3 d5 10. c5 Nd7 11. O-O Nc7 12. Re1 Ne6 13. Rxe6 fxe6 14. Bxh7 Nf6 15. Bg6+ Kf8 16. Ne5 Rh4 17. g3 Rxd4 18. Be3 Re4 19. Bxe4 Nxe4 20. Nd2 Nxd2 21. Qxd2 Bf6 22. Bd4 Bd7 23. Re1 Be8 24. Ng4 Bxd4 25. Qxd4 Bf7 26. Ne5 Kg8 27. Re3 Qe7 28. Rf3 Rf8 29. Rf4 Be8 30. Rxf8+ Kxf8 31. Nd3 Bg6 32. Qf4+ Kg8 33. Ne5 Be8 34. Qd4 Qf6 35. f4 Qf5 36. Qd3 Qxd3 37. Nxd3 Kf7 38. Kf2 Kf6 39. g4 g5 40. Ke3 d4+ 41. Kxd4 gxf4 42. h4 Bg6 43. Ne5 Bb1 44. Nf3 Bc2 45. h5 Bd1 46. g5+ Kf5 47. h6 Kg6 48. Ne5+ Kh7 49. Ke4 1-0

[Event "Quebec-ch qual. Quebec"]
[Site "Quebec CAN"]
[Date "2005.05.14"]
[Round "2"]
[White "Benoit, Sebastien"]
[Black "L'Heureux, Clement"]
[Result "0-1"]
[WhiteElo "1742"]
[BlackElo "1852"]
[PlyCount "76"]
[GameId "2160767910968465"]
[EventDate "2005.05.13"]
[EventType "swiss"]
[EventRounds "5"]
[EventCountry "CAN"]

1. e4 e5 2. Nf3 Nc6 3. Bb5 a6 4. Ba4 Nf6 5. O-O Be7 6. Re1 b5 7. Bb3 d6 8. c3 O-O 9. h3 Na5 10. Bc2 c5 11. d4 Qc7 12. d5 Bd7 13. Nbd2 Ra7 14. Nf1 Rb8 15. Ng3 g6 16. b3 Bf8 17. Bg5 Bg7 18. Qd2 Kh8 19. Bh6 Nb7 20. Ng5 Nd8 21. Bxg7+ Kxg7 22. f4 exf4 23. Qxf4 Ng8 24. Rf1 f6 25. Nf3 Nf7 26. h4 Qd8 27. h5 Qe7 28. hxg6 hxg6 29. Rf2 Ngh6 30. Re2 Rh8 31. Rae1 Ne5 32. Nxe5 fxe5 33. Qd2 Qh4 34. Qd3 Ng4 35. Rd2 Qh2+ 36. Kf1 Rf8+ 37. Ke2 Qxg2+ 38. Kd1 Nf2+ 0-1

[Event "Quebec-ch qual. Quebec"]
[Site "Quebec CAN"]
[Date "2005.05.14"]
[Round "2"]
[White "Caron, Sebastien"]
[Black "Berube, Antoine"]
[Result "1/2-1/2"]
[WhiteElo "1875"]
[BlackElo "2194"]
[PlyCount "53"]
[GameId "2160767910968466"]
[EventDate "2005.05.13"]
[EventType "swiss"]
[EventRounds "5"]
[EventCountry "CAN"]

1. e4 c5 2. Nf3 d6 3. d4 cxd4 4. Nxd4 Nf6 5. Nc3 a6 6. Bg5 e6 7. f4 b5 8. e5 dxe5 9. fxe5 Qc7 10. exf6 Qe5+ 11. Be2 Qxg5 12. Qd3 Qxf6 13. O-O-O Ra7 14. Ne4 Qf4+ 15. Kb1 Rd7 16. Rhf1 Qe5 17. Nf3 Rxd3 18. Nxe5 Rxd1+ 19. Rxd1 Bb7 20. Bf3 Be7 21. Nd6+ Bxd6 22. Rxd6 Bxf3 23. gxf3 Ke7 24. Rb6 Rd8 25. Kc1 f6 26. Rxb8 fxe5 27. Rxd8 1/2-1/2

[Event "Quebec-ch qual. Quebec"]
[Site "Quebec CAN"]
[Date "2005.05.14"]
[Round "2"]
[White "Poliquin, Yvon"]
[Black "Lemieux, Pierre"]
[Result "0-1"]
[WhiteElo "1854"]
[BlackElo "1886"]
[PlyCount "48"]
[GameId "2160767910968467"]
[EventDate "2005.05.13"]
[EventType "swiss"]
[EventRounds "5"]
[EventCountry "CAN"]

1. e4 e6 2. d4 d5 3. e5 c5 4. c3 Nc6 5. Nf3 cxd4 6. cxd4 Bb4+ 7. Nc3 a6 8. Bd3 f6 9. exf6 Nxf6 10. O-O O-O 11. Re1 Bd7 12. a3 Bd6 13. b4 Qc7 14. Bb2 b5 15. Rc1 Qb6 16. Bb1 a5 17. bxa5 Rxa5 18. Qb3 Nxd4 19. Nxd4 Qxd4 20. Nxb5 Rxb5 21. Qxb5 Qh4 22. Qd3 Qxh2+ 23. Kf1 Ng4 24. Qg3 Bxg3 0-1

[Event "Quebec-ch qual. Quebec"]
[Site "Quebec CAN"]
[Date "2005.05.14"]
[Round "3"]
[White "Berube, Antoine"]
[Black "Coulon, Dominic"]
[Result "1-0"]
[WhiteElo "2194"]
[BlackElo "1764"]
[PlyCount "39"]
[GameId "2160767910968468"]
[EventDate "2005.05.13"]
[EventType "swiss"]
[EventRounds "5"]
[EventCountry "CAN"]

1. d4 Nf6 2. c4 e5 3. dxe5 Ne4 4. a3 Nc6 5. Nf3 d6 6. Qc2 Bf5 7. Nc3 Ng3 8. e4 Nxh1 9. exf5 dxe5 10. Be3 f6 11. Nd5 Qd6 12. O-O-O Ne7 13. Nb4 Qxd1+ 14. Kxd1 O-O-O+ 15. Kc1 a5 16. Nd5 Nc6 17. g3 e4 18. Qxe4 Bd6 19. Bg2 Rhe8 20. Qc2 1-0

[Event "Quebec-ch qual. Quebec"]
[Site "Quebec CAN"]
[Date "2005.05.14"]
[Round "3"]
[White "L'Heureux, Clement"]
[Black "Caron, Sebastien"]
[Result "1-0"]
[WhiteElo "1850"]
[BlackElo "1880"]
[PlyCount "93"]
[GameId "2160767910968469"]
[EventDate "2005.05.13"]
[EventType "swiss"]
[EventRounds "5"]
[EventCountry "CAN"]

1. d4 Nf6 2. c4 d6 3. g3 g6 4. Bg2 Bg7 5. Nc3 c6 6. Nf3 O-O 7. O-O Nbd7 8. Qc2 Rb8 9. e3 e5 10. b3 h6 11. Ba3 Ne8 12. Rad1 f5 13. dxe5 Nxe5 14. Nxe5 Bxe5 15. f4 Qa5 16. Na4 Bg7 17. Bxd6 Nxd6 18. Rxd6 Re8 19. e4 b5 20. Nc5 Qb4 21. Qf2 fxe4 22. Bxe4 bxc4 23. Bxc6 Bh3 24. Rfd1 Bg4 25. Na6 Qc3 26. Bxe8 Rxe8 27. Rd8 Kh7 28. Rxe8 Bxd1 29. Re7 cxb3 30. axb3 Qa1 31. Kg2 Bxb3 32. Nb4 a5 33. f5 Qf6 34. fxg6+ Kxg6 35. Qe3 Qb2+ 36. Kh3 axb4 37. Qe4+ Kf6 38. Qh4+ Kg6 39. Qg4+ Kh7 40. Qf5+ Kh8 41. Re8+ Bg8 42. Qf7 Bf8 43. Qxf8 Qg7 44. Qd6 h5 45. Re7 Qg4+ 46. Kg2 Bh7 47. Qf6+ 1-0

[Event "Quebec-ch qual. Quebec"]
[Site "Quebec CAN"]
[Date "2005.05.14"]
[Round "3"]
[White "Lemieux, Pierre"]
[Black "Audet-Bouchard, Nicolas"]
[Result "0-1"]
[WhiteElo "1886"]
[BlackElo "2104"]
[PlyCount "106"]
[GameId "2160767910968470"]
[EventDate "2005.05.13"]
[EventType "swiss"]
[EventRounds "5"]
[EventCountry "CAN"]

1. d4 Nf6 2. Nf3 d5 3. Bf4 c5 4. c3 Nc6 5. e3 Qb6 6. Qb3 c4 7. Qxb6 axb6 8. Na3 Bf5 9. Nh4 e6 10. Nxf5 exf5 11. Nc2 Kd7 12. Be2 Bd6 13. Bxd6 Kxd6 14. O-O Rhe8 15. b3 b5 16. f3 f4 17. Kf2 fxe3+ 18. Nxe3 g6 19. bxc4 bxc4 20. Nc2 Ra7 21. Rfb1 Rea8 22. Rb2 Nd7 23. Bd1 f5 24. a3 f4 25. Rab1 b6 26. Rb5 g5 27. Be2 Re8 28. Bd1 Raa8 29. Be2 h5 30. Bd1 Rg8 31. h3 h4 32. Ra1 Rge8 33. Be2 Ra5 34. Rab1 Ra7 35. Re1 Raa8 36. Bf1 Rxe1 37. Kxe1 Ra5 38. Rxa5 bxa5 39. Kd2 Nb6 40. Be2 Ne7 41. Bd1 Nf5 42. Ne1 Ne3 43. Bc2 Nxc2 44. Nxc2 Kc6 45. a4 Nxa4 46. Na3 Nb6 47. Kc2 Nc8 48. Kd2 Nd6 49. Kc1 Nf5 50. Nc2 Kb5 51. Kb2 Ka4 52. Ne1 Ne3 53. Ka2 Nd1 0-1

[Event "Quebec-ch qual. Quebec"]
[Site "Quebec CAN"]
[Date "2005.05.14"]
[Round "3"]
[White "Robitaille, Denis"]
[Black "Benoit, Sebastien"]
[Result "0-1"]
[WhiteElo "1872"]
[BlackElo "1742"]
[PlyCount "62"]
[GameId "2160767910968471"]
[EventDate "2005.05.13"]
[EventType "swiss"]
[EventRounds "5"]
[EventCountry "CAN"]

1. Nf3 d5 2. g3 c5 3. Bg2 Nc6 4. d4 e6 5. O-O Nf6 6. b3 Be7 7. Bb2 O-O 8. Nbd2 b6 9. c4 cxd4 10. Nxd4 Nxd4 11. Bxd4 Bb7 12. e3 Qc7 13. Qe2 dxc4 14. Bxb7 Qxb7 15. Nxc4 Rfd8 16. Ne5 Rac8 17. Rac1 Ba3 18. Rxc8 Rxc8 19. Qb5 Rc2 20. Nc4 Be7 21. a4 Qf3 22. Ne5 Qd5 23. Qd3 Rc7 24. Rd1 h5 25. h4 Ne4 26. Qe2 Qxb3 27. Qxh5 Bf6 28. Qf3 Qxa4 29. Ra1 Qc2 30. Bxb6 Bxe5 31. Bxc7 Bxa1 0-1

[Event "Quebec-ch qual. Quebec"]
[Site "Quebec CAN"]
[Date "2005.05.15"]
[Round "4"]
[White "Audet-Bouchard, Nicolas"]
[Black "Berube, Antoine"]
[Result "1-0"]
[WhiteElo "2104"]
[BlackElo "2194"]
[PlyCount "109"]
[GameId "2160767910968473"]
[EventDate "2005.05.13"]
[EventType "swiss"]
[EventRounds "5"]
[EventCountry "CAN"]

1. e4 c5 2. Nf3 d6 3. d4 cxd4 4. Nxd4 Nf6 5. Nc3 a6 6. Be3 e5 7. Nb3 Be6 8. Qd2 Be7 9. f3 h5 10. O-O-O Nbd7 11. Kb1 Rc8 12. Nd5 Bxd5 13. exd5 Nb6 14. Bxb6 Qxb6 15. g3 Nd7 16. Bh3 Rc7 17. f4 Bf6 18. Rhe1 O-O 19. Qe2 a5 20. a4 Nc5 21. Nxc5 Rxc5 22. Bd7 exf4 23. Bb5 fxg3 24. hxg3 g6 25. c4 Rc7 26. Qf3 Bg7 27. Re4 Rfc8 28. Qe2 Qc5 29. g4 hxg4 30. Rxg4 Qb4 31. Re4 Rf8 32. Rh1 Rcc8 33. Qh2 Rfd8 34. Rh4 Kf8 35. Rh8+ Ke7 36. Qh4+ Bf6 37. Re1+ Qxe1+ 38. Qxe1+ Be5 39. Rxd8 Rxd8 40. Qxa5 Rh8 41. Qc7+ Kf6 42. Qxb7 g5 43. Bd7 Rh1+ 44. Ka2 Rh4 45. Qc8 Rh2 46. Qd8+ Kg6 47. Qg8+ Bg7 48. Qb8 Be5 49. a5 Rh8 50. Qb7 f5 51. a6 g4 52. Be6 Bf6 53. Qd7 g3 54. Bxf5+ Kg5 55. Be4 1-0

[Event "Quebec-ch qual. Quebec"]
[Site "Quebec CAN"]
[Date "2005.05.15"]
[Round "4"]
[White "Benoit, Sebastien"]
[Black "Richard, Christian"]
[Result "1-0"]
[WhiteElo "1742"]
[BlackElo "1786"]
[PlyCount "91"]
[GameId "2160767910968474"]
[EventDate "2005.05.13"]
[EventType "swiss"]
[EventRounds "5"]
[EventCountry "CAN"]

1. e4 d5 2. exd5 Qxd5 3. Nc3 Qa5 4. Be2 Nf6 5. Nf3 c5 6. O-O e6 7. Ne5 Nbd7 8. Nc4 Qd8 9. a4 Be7 10. Bf3 O-O 11. d3 Nb6 12. Nxb6 Qxb6 13. a5 Qc7 14. a6 Rd8 15. Qe2 Nd5 16. Nxd5 exd5 17. Re1 Bf8 18. Bg5 f6 19. Bd2 Qf7 20. c4 Bf5 21. Bxd5 Rxd5 22. cxd5 Qxd5 23. axb7 Qxb7 24. Bc3 Rd8 25. Rad1 Qc7 26. d4 c4 27. d5 Bd3 28. Qe6+ Kh8 29. Ra1 Qb7 30. d6 Bg6 31. Rad1 Bf7 32. Qf5 Rxd6 33. Rxd6 Bxd6 34. Bxf6 Qc7 35. Be5 Bxe5 36. Qxe5 Qb6 37. h3 h6 38. Re3 Kh7 39. Rg3 Bg6 40. h4 h5 41. Qg5 a5 42. Kh2 a4 43. f4 c3 44. f5 cxb2 45. fxg6+ Kg8 46. Qd5+ 1-0